000 00334 a2200169 4500
001 190874
020 _a85-00-41421-9
040 _cMagnum
100 _aBocage
240 1 0 _aSonetos
_lpor
245 1 0 _aSonetos
300 _a106
362 0 _a1997
440 1 _aEdiouro
697 _aLITERATURA GERAL ESTRANGEIRA
942 _cBK
999 _c190874
_d190874